Catálogo de la biblioteca cervantina de D. José Mª de Asensio y Toledo / (Record no. 138699)

MARC details
000 -LEADER
campo de control de longitud fija 00918nam a2200217 i 4500
001 - NÚMERO DE CONTROL
campo de control 138699
003 - IDENTIFICADOR DE NÚMERO DE CONTROL
campo de control ES-MaACL
005 - FECHA Y HORA DE LA ÚLTIMA TRANSACCIÓN
campo de control 20250821092336.0
007 - CAMPO FIJO DE DESCRIPCIÓN FÍSICA--INFORMACIÓN GENERAL
campo de control de longitud fija t|
008 - DATOS DE LONGITUD FIJA--INFORMACIÓN GENERAL
campo de control de longitud fija 070214s1948 sp b |||| |dspa d
100 1# - ENTRADA PRINCIPAL--NOMBRE DE PERSONA
Nombre de persona Santiago Rodríguez, Miguel.
9 (RLIN) 103411
245 10 - MENCIÓN DEL TÍTULO
Título Catálogo de la biblioteca cervantina de D. José Mª de Asensio y Toledo /
Mención de responsabilidad, etc. por Miguel Santiago Rodríguez ; con un prólogo de Angel González Palencia y una noticia biográfica por Enrique Lafuente Ferrari.
260 ## - PUBLICACIÓN, DISTRIBUCIÓN, ETC.
Lugar de publicación, distribución, etc. Madrid :
Nombre del editor, distribuidor, etc. [s. n.],
Fecha de publicación, distribución, etc. 1948 (
Fabricante Gráf. Ultra)
300 ## - DESCRIPCIÓN FÍSICA
Extensión XXX, 232 p. ;
Dimensiones 27 cm.
600 17 - PUNTO DE ACCESO ADICIONAL DE MATERIA--NOMBRE DE PERSONA
Nombre de persona Cervantes Saavedra, Miguel de,
Fechas asociadas al nombre 1547-1616-
Subdivisión de forma Bibliografías
Fuente del encabezamiento o término
9 (RLIN) 168271
600 14 - PUNTO DE ACCESO ADICIONAL DE MATERIA--NOMBRE DE PERSONA
Nombre de persona Asensio, José María-
Subdivisión general Biblioteca-
Subdivisión de forma Catálogos.
9 (RLIN) 169663
700 1# - ENTRADA AGREGADA--NOMBRE PERSONAL
Nombre de persona González Palencia, Ángel,
Fechas asociadas al nombre 1889-1949
9 (RLIN) 58854
700 1# - ENTRADA AGREGADA--NOMBRE PERSONAL
Nombre de persona Lafuente Ferrari, Enrique,
Fechas asociadas al nombre 1898-1985
9 (RLIN) 69538
852 ## - LOCALIZACIÓN
Ubicación ES-MaACL
Número de control de estantería B-1733
Holdings
Estatus retirado Estado de pérdida Estado de daño No para préstamo Biblioteca de origen Biblioteca actual Ubicación en estantería Fecha de adquisición Fuente de adquisición Total de préstamos Signatura topográfica completa Código de barras Visto por última vez Precio de reemplazo Tipo de ítem Koha
        Biblioteca del Ateneo de Madrid Biblioteca del Ateneo de Madrid Sala Pardo Bazán 17/01/2008     B-1733 1144329 23/02/2023 23/02/2023 Libro impreso